000 01170ncm a2200313 c 4500
003 BLK
005 20241011005338.0
008 180414b bul |a|er|||| |0| c|bulo|
010 _aNOT00001813000
040 _aBLK
041 _aDEU
_cDEU
080 _aМузика за пиано. Етюди, технически упражнения. Начални школи.
_b786.2.087.5
_x
_z786.2.087.5
700 1 _aBurgmuller, Johann Friedrich
_e*
_96458
100 1 _aБургмюлер, Йохан Фридрих
_eпърви автор
_943954
700 1 _aRuthardt, Adolf
_ehrsg. von
_9388884
139 _aБургмюлер, Йохан Фридрих
_bБ 87
245 1 0 _aEtuden
_bFur Klavier
_c* Johann Friedrich Burgmuller; Йохан Фридрих Бургмюлер; hrsg. von Adolf Ruthardt.
_sOp.105
257 _aDEU
260 Leipzig
_bPeters 3102
_cБ. г.
300 _a39 с.
_c30 см
380 _a7
650 0 _aПиано - етюди
_9353307
852 _aЦб М ІІ 2851
_p0
856 4 _qpdf
_u
856 4 _qpdf
_u
942 _cNOT
_n0
944 _aCR
_c27.02.2006
_k
_lCRON CRON
944 _aED
_c27.02.2006
_k
999 _c306034
_d306034